Govt. of
Madhya Pradesh

Great Scientists of India (Record no. 49252)

MARC details
000 -LEADER
fixed length control field 003170000a22001450004500
003 - CONTROL NUMBER IDENTIFIER
control field MACL
040 ## - CATALOGING SOURCE
Original cataloging agency MACL
090 ## - LOCALLY ASSIGNED LC-TYPE CALL NUMBER (OCLC); LOCAL CALL NUMBER (RLIN)
-- 49779
-- 49777
100 ## - MAIN ENTRY--PERSONAL NAME
Personal name Ahmad,Shehzad
245 ## - TITLE STATEMENT
Title Great Scientists of India
260 ## - PUBLICATION, DISTRIBUTION, ETC. (IMPRINT)
Place of publication, distribution, etc. New Delhi
Name of publisher, distributor, etc. Rishabh Books
Date of publication, distribution, etc. 2012
350 ## - PRICE (NR) (BK AM CF MU VM SE) [OBSOLETE]
Price 490
650 ## - SUBJECT ADDED ENTRY--TOPICAL TERM
Topical term or geographic name as entry element Biography
942 ## - ADDED ENTRY ELEMENTS (KOHA)
Koha item type Library Membar
Call number prefix 920/AHM
Holdings
Withdrawn status Lost status Source of classification or shelving scheme Damaged status Not for loan Home library Current library Date acquired Total Checkouts Full call number Barcode Date last seen Date last checked out Uniform Resource Identifier Price effective from Koha item type
          MACL MACL 15/04/2015 1 920/AHM BOOK CRE030816 02/05/2024 08/03/2020 50017 15/04/2015 Books